Open Data Biblioteca Nacional de Portugal


República Portuguesa: Ministério da Cultura
Biblioteca Nacional de Portugal

Catálogo da BNP: acesso por Identificadores Unívocos
Registos Bibliográficos associados ao registo de autoridade

Etiqueta de registo: 00254nam 2200025 450
001 2283397
003 http://id.bnportugal.gov.pt/bib/catbnp/2283397
100 ## $a20260401d2024 k y0pory01030103ba
101 0# $aeng$dpor
102 ## $aPT
105 ## $aa m 000yy
106 ## $ar
200 1# $aIntegrating life cycle sustainability in wire arc additive manufacturing for sustainable metal parts production$fSamruddha Kokare$gorient. Radu Godina, João Pedro de Sousa Oliveira
210 #9 $aLisboa$c[s.n.],$d2024
215 ## $aXXV, 207, [4] p.$cil.$d30 cm
328 #1 $aTese dout. Production Engineering and Management, Universidade Nova de Lisboa, 2024
700 #1 $aKokare,$bSamruddha$31994469
702 #1 $aGodina,$bRadu$4727$31662071
702 #1 $aOliveira,$bJoão Pedro Sousa$4727$31872835
801 #0 $aPT$bBN$gRPC
966 ## $lBN$mFGMON$x1
971 ## $cabrito$d20260401

OpendataBNP@bnportugal.pt | Mais informação sobre acesso aos dados BNP